<?xml version="1.0" encoding="UTF-8"?>
<record
    xmlns:xsi="http://www.w3.org/2001/XMLSchema-instance"
    xsi:schemaLocation="http://www.loc.gov/MARC21/slim http://www.loc.gov/standards/marcxml/schema/MARC21slim.xsd"
    xmlns="http://www.loc.gov/MARC21/slim">

  <leader>01878nam a2200241Ia 4500</leader>
  <controlfield tag="001">b7116-53166 </controlfield>
  <controlfield tag="003">IT-MiCISF</controlfield>
  <controlfield tag="005">20250625120726.0</controlfield>
  <controlfield tag="008">161014s9999||||xx |||||||||||||| ||und||</controlfield>
  <datafield tag="040" ind1=" " ind2=" ">
    <subfield code="a">IT-MiCISF</subfield>
    <subfield code="c">IT-MiCISF</subfield>
  </datafield>
  <datafield tag="041" ind1=" " ind2=" ">
    <subfield code="a">it</subfield>
  </datafield>
  <datafield tag="100" ind1=" " ind2=" ">
    <subfield code="a">Fondazione Leone Moressa </subfield>
    <subfield code="9">58124</subfield>
  </datafield>
  <datafield tag="245" ind1=" " ind2="0">
    <subfield code="a">Rapporto annuale sull'economia dell'immigrazione.</subfield>
    <subfield code="b">La forza del lavoro degli stranieri: esclusione o integrazione?</subfield>
  </datafield>
  <datafield tag="260" ind1=" " ind2=" ">
    <subfield code="a">Bologna,</subfield>
    <subfield code="b">Il Mulino,</subfield>
    <subfield code="c">2014</subfield>
  </datafield>
  <datafield tag="300" ind1=" " ind2=" ">
    <subfield code="a">pp. 211</subfield>
  </datafield>
  <datafield tag="500" ind1=" " ind2=" ">
    <subfield code="a">societ&#xE0;-multiculturale, lavoro, famiglia-migranti, giovani reddito </subfield>
  </datafield>
  <datafield tag="520" ind1=" " ind2=" ">
    <subfield code="a">ll rapporto tra costi e benefici dell'immigrazione, la competitivit&#xE0; tra lavoratori italiani e stranieri e il ruolo degli stranieri nel sistema produttivo nazionale sono temi sempre pi&#xF9; al centro del dibattito pubblico. Il quarto rapporto della Fondazione Leone Moressa, attraverso l'analisi delle dinamiche occupazionali, del comportamento finanziario e dell'inclusione economica e sociale degli immigrati, offre un contributo scientifico alla riflessione, utilizzando l'analisi statistica dei dati come strumento per riflettere sulla rilevanza della popolazione straniera nel tessuto economico e produttivo italiano. A completare il rapporto, esperti, studiosi di immigrazione e rappresentanti delle istituzioni approfondiscono il tema dell'inclusione lavorativa degli immigrati: tenendo presente che gli occupati stranieri rappresentano ormai il 10% della forza lavoro complessiva, non &#xE8; pi&#xF9; possibile considerare il lavoro degli immigrati come componente distaccata dalle dinamiche nazionali ma, sempre di pi&#xF9;, come parte integrante di esse.</subfield>
  </datafield>
  <datafield tag="650" ind1=" " ind2=" ">
    <subfield code="a">lavoro</subfield>
  </datafield>
  <datafield tag="654" ind1=" " ind2=" ">
    <subfield code="a">rapporto</subfield>
  </datafield>
  <datafield tag="700" ind1=" " ind2=" ">
    <subfield code="a">Kashetu Kyenge C., Solari S., De Noni I., Ganzaroli A., Pilotti L., Forlani N., </subfield>
    <subfield code="a">Matarese S., Stuppini A., Ambrosini M., </subfield>
    <subfield code="9">62315</subfield>
  </datafield>
  <datafield tag="942" ind1=" " ind2=" ">
    <subfield code="c">BK</subfield>
    <subfield code="2">ddc</subfield>
  </datafield>
  <datafield tag="999" ind1=" " ind2=" ">
    <subfield code="c">209860</subfield>
    <subfield code="d">209860</subfield>
  </datafield>
  <datafield tag="999" ind1=" " ind2=" ">
    <subfield code="b">si</subfield>
  </datafield>
  <datafield tag="952" ind1=" " ind2=" ">
    <subfield code="0">0</subfield>
    <subfield code="1">0</subfield>
    <subfield code="4">0</subfield>
    <subfield code="6">B_711653166</subfield>
    <subfield code="7">1</subfield>
    <subfield code="a">CISF</subfield>
    <subfield code="b">CISF</subfield>
    <subfield code="d">2016-10-14</subfield>
    <subfield code="l">0</subfield>
    <subfield code="o">b7116-53166 </subfield>
    <subfield code="r">2016-10-14 00:00:00</subfield>
    <subfield code="w">2016-10-14</subfield>
    <subfield code="y">BK</subfield>
    <subfield code="z">Data import 15.10.2016 / by Epidotti, Vaglietti</subfield>
  </datafield>
</record>
